Ponies at the point / (Record no. 1015)

MARC details
000 -LEADER
fixed length control field 01099cam a22002893a 4500
005 - DATE AND TIME OF LATEST TRANSACTION
control field 20250221100532.0
020 ## - INTERNATIONAL STANDARD BOOK NUMBER
International Standard Book Number 0590662317 (pbk.) :
040 ## - CATALOGING SOURCE
Original cataloging agency EOW
Transcribing agency EOW
Modifying agency OCL
-- DLC
Language of cataloging eng
050 00 - LIBRARY OF CONGRESS CALL NUMBER
Classification number PZ7.D2193
082 ## - DEWEY DECIMAL CLASSIFICATION NUMBER
Classification number 808.839362
100 1# - MAIN ENTRY--PERSONAL NAME
Personal name Baglio, Ben M.
245 10 - TITLE STATEMENT
Title Ponies at the point /
Statement of responsibility, etc. Ben M. Baglio ; illustrations by Jenny Gregory ; cover illustrations by Mary Ann Lasher.
260 ## - PUBLICATION, DISTRIBUTION, ETC.
Place of publication, distribution, etc. New York :
Name of publisher, distributor, etc. Scholastic,
Date of publication, distribution, etc. 1999, 1998.
300 ## - PHYSICAL DESCRIPTION
Extent 136 pages :
Other physical details illustrations ;
Dimensions 20 cm
500 ## - GENERAL NOTE
General note "An Apple paperback."
505 ## - FORMATTED CONTENTS NOTE
Formatted contents note R <br/>
520 ## - SUMMARY, ETC.
Summary, etc. The Hopes and James are on holiday in Ireland. Mandy and James are thrilled to discover wild ponies on the beach. But one little foal needs help. She has a cruel head-collar cutting into her face. Who put it on her - and why?
521 ## - TARGET AUDIENCE NOTE
Target audience note 720 <br/>
Source Lexile <br/>
521 ## - TARGET AUDIENCE NOTE
Target audience note R <br/>
Source Raz-Plus <br/>
650 #0 - SUBJECT ADDED ENTRY--TOPICAL TERM
Topical term or geographic name entry element Animals
Form subdivision Fiction.
650 #0 - SUBJECT ADDED ENTRY--TOPICAL TERM
Topical term or geographic name entry element Ponies
Form subdivision Fiction.
655 #7 - INDEX TERM--GENRE/FORM
Genre/form data or focus term Children's stories.
Source of term lcsh
700 1# - ADDED ENTRY--PERSONAL NAME
Personal name Gregory, Jenny
Relator term illustrator.
906 ## - LOCAL DATA ELEMENT F, LDF (RLIN)
a 7
b cbc
c copycat
d 2
e ncip
f 19
g y-genrareb
942 ## - ADDED ENTRY ELEMENTS (KOHA)
Source of classification or shelving scheme Dewey Decimal Classification
Koha item type Books
Suppress in OPAC No
999 ## -
-- 1015
-- 1015
Holdings
Withdrawn status Lost status Source of classification or shelving scheme Damaged status Not for loan Collection Home library Current library Shelving location Date acquired Total Checkouts Full call number Barcode Date last seen Date last checked out Price effective from Koha item type Copy number
    Dewey Decimal Classification     Juvenile Fiction Footprints International School Library Network Toul Kork Campus Footprints International School Library Network Toul Kork Campus TTP Primary Orange Bookshelves 07/18/2023 2 BAG Fic PZ7.D2193 FIS00445 04/08/2025 09/16/2024 07/18/2023 Books  
    Dewey Decimal Classification     Juvenile Fiction Footprints International School Library Network Toul Kork Campus Footprints International School Library Network Toul Kork Campus TTP Primary Orange Bookshelves 02/21/2025   BAG Fic PZ7.D2193 2025-0662 02/21/2025   02/21/2025 Books 2